00769nam a22001097a 4500040000800000082002600008100001500034245047000049260002600519300002700545856008700572 cRUA aAVM UM 2013 B105 Or.1 aUM, VISAL. aEffect of levamisole and benda-1000 for deworming of stonggyloides of pig in smallholder raising in kandal stung district, kandal province, ប្រសិទ្ធភាព LEVAMISOLE និង​ BENDA-1000 ក្នុងការទម្លាក់ STRONGYLOIDES របស់ជ្រូកសាច់ចិញ្ចឹមជាលក្ខណៈគ្រួសារ នៅស្រុកកណ្តាលស្ទឹង ខេត្តកណ្តាល. aphnom phenbRUAc2013 aVIII,38p.bill.c29cm. uhttps://drive.google.com/file/d/1ONX1j69PnANxgP_blv2ejeUX3wy60HXh/view?usp=sharing